Directeurs généraux des Canadiens de Montréal - Statistiques

Statistiques générales
  • Ce quiz a été pris 7 fois
  • Le résultat moyen est 8 sur 18
Statistiques - réponses
Hint Réponse % Correct
2022- Kent Hughes
100%
2012-2021 Marc Bergevin
100%
1983-1995 Serge Savard
100%
2003-2010 Bob Gainey
83%
2010-2012 Pierre Gauthier
67%
1995-2000 Réjean Houle
67%
2000-2003 André Savard
50%
1964-1978 Sam Pollock
50%
1946-1964 Frank J. Selke
33%
1936-1939 Cecil Hart
17%
1935-1936 Ernest Savard
17%
1910-1921 George Kennedy
17%
1978-1983 Irving Grundman
17%
1909-1910 Jack Laviolette
17%
1909-1910 Joseph Cattarinich
17%
1939-1940 Jules Dugal
17%
1921-1935 Léo Dandurand
17%
1940-1946 Tommy Gorman
17%
Aucun quiz correspondant
Distribution des résultats
% des personnes avec chaque résultat
Percentile par nombre de réponses
Votre historique - résultats
Vous n’avez pas pris ce quiz